Poskytovanie študentských pôžičiek podľa nového zákona

Od 1. septembra nadobudol platnosť nový zákon č. 231/2000 Z.z. o Študentskom pôžičkovom fonde. Ktorým žiadateľom je možné priznať pôžičku a ktorý študent nemôže podať žiadosť o pôžičku. Výška pôžičky a jej vyplácanie. Podmienky poskytnutia pôžičky a poradie na priznanie pôžičky podľa príslušných roč...

Descrizione completa

Salvato in:
Dettagli Bibliografici
Autore principale: Brečka, Miroslav
Natura: Capitolo di libro
Lingua:slovacco
Soggetti:
Tags: Aggiungi Tag
Nessun Tag, puoi essere il primo ad aggiungerne!!

MARC

LEADER 00000naa a2200000 4500
001 r039274
005 20230824105715.2
041 0 |a slo 
044 |a SK 
245 1 0 |a Poskytovanie študentských pôžičiek podľa nového zákona  |c Miroslav Brečka 
520 |a Od 1. septembra nadobudol platnosť nový zákon č. 231/2000 Z.z. o Študentskom pôžičkovom fonde. Ktorým žiadateľom je možné priznať pôžičku a ktorý študent nemôže podať žiadosť o pôžičku. Výška pôžičky a jej vyplácanie. Podmienky poskytnutia pôžičky a poradie na priznanie pôžičky podľa príslušných ročníkov a podmienok. Schválenie a oznámenie o udelení pôžičky. 
610 2 0 |a pôžičky 
610 2 0 |a pôžičky obyvateľstvu 
610 2 0 |a študenti 
610 2 0 |a študenti zahraniční 
610 2 0 |a zákony 
610 2 0 |a Slovensko 
610 2 0 |a 2000 
610 2 0 |a štipendiá 
610 2 0 |a Študentský pôžičkový fond Bratislava 
100 1 |a Brečka, Miroslav